000 01051cad a22002175a 4500
001 L156730
008 120702s2012 xxk g 000 0 eng d
035 _a(Sirsi) u156730
041 0 _aeng
100 _aBall, Tim
110 2 _ajhd architects
245 0 0 _a3D building information modeling in use
_bpresentation to MidKent College
_h[electronic resource]
260 _a[S.l.]
_b[s.n.]
_c2012
520 _aA presentation from a talk given to students at a further education college in Kent, England, by an architect and a builder introduces BIM. It explains how CAD and Building Information Modelling (BIM) is used from an architect's perspective and from a builder?s perspective, and shows the benefits of BIM over CAD.
650 2 4 _aBIM
_96219
651 4 _aInternational
690 _aBIM
_96219
700 1 _aPearson, Martin
856 4 0 _uhttps://www.jhdarchitects.co.uk/wp-content/uploads/2012/06/120617-jhd-Architects-MidKent-College-talk-18-June-2012.pdf
_zView the presentation free of charge at www.jhdarchitects.co.uk
942 _n0
999 _c114393
_d114393